Econometric study of international and interindust (Record no. 705115)

MARC details
000 -LEADER
fixed length control field 00895nam a2200265Ia 4500
003 - CONTROL NUMBER IDENTIFIER
control field OSt
005 - DATE AND TIME OF LATEST TRANSACTION
control field 20220927114807.0
008 - FIXED-LENGTH DATA ELEMENTS--GENERAL INFORMATION
fixed length control field 220926b |||||||| |||| 00| 0 eng d
037 ## - SOURCE OF ACQUISITION
Terms of availability Thesis and Dissertations
040 ## - CATALOGING SOURCE
Original cataloging agency RTL
Transcribing agency RTL
Language of cataloging eng
041 ## - LANGUAGE CODE
Source of code eng
Language code of text/sound track or separate title eng
100 ## - MAIN ENTRY--PERSONAL NAME
Personal name Mitchell Edward J.
9 (RLIN) 389349
110 ## - MAIN ENTRY--CORPORATE NAME
Corporate name or jurisdiction name as entry element Graduate School of Arts and Science. University of Pennsylvania
9 (RLIN) 389350
245 #0 - TITLE STATEMENT
Title Econometric study of international and interindust
260 ## - PUBLICATION, DISTRIBUTION, ETC.
Place of publication, distribution, etc. Pennsylvania
Name of publisher, distributor, etc. University of Pennsylvania
Date of publication, distribution, etc. 1966
300 ## - PHYSICAL DESCRIPTION
Extent "viii, 113p."
Dimensions cm.
650 ## - SUBJECT ADDED ENTRY--TOPICAL TERM
Topical term or geographic name entry element Labour Economics
700 ## - ADDED ENTRY--PERSONAL NAME
Personal name Graduate School of Arts and Science. University of Pennsylvania
9 (RLIN) 389351
942 ## - ADDED ENTRY ELEMENTS (KOHA)
Classification part "X:9-89P:(B), K6"
Koha item type
Holdings
Withdrawn status Lost status Damaged status Not for loan Home library Current library Date acquired Total Checkouts Full call number Barcode Date last seen Price effective from Koha item type
        Ratan Tata Library Ratan Tata Library 2022-09-27   "X:9-89P:(B) K6" RT0805203 2022-09-27 2022-09-27  
Copyright @ Delhi University Library System